LEADER 01481nas a2200265 i 4500 001 000000219438 003 CaOOAMICUS 005 20130408000000.0 008 130325b2012 vc uu u0 0mul r 013 $a198335 040 $aSeMil$bita 245 13$aLa famiglia :$bil lavoro e la festa : Milano, 30 maggio-3 giugno 2012. 260 $a[Murcia] :$bUCAM, Universidad Católica San Antonio,$c2012 (stampa 2013) 260 $aCittą del Vaticano :$bPontificium Consilium pro Familia,$c2012 (stampa 2013) 300 $a776 p., [1] c. di ritratto, 16 p. di tav. :$bgrafici, tabelle ;$c24 cm. 500 $aIn testa al front. : 7. Incontro Mondiale delle Famiglie, Milano 2012. - Atti del 7. Incontro Mondiale delle Famiglie. 711 0 $aIncontro Mondiale delle Famiglie <7. ; 2012 ; Milano>.$0(OLS)http://semarc/name/76413 773 0 $tFamilia et Vita.$dCittą del Vaticano : Pontificium Consilium pro Familia, 1996.$w()26385 774 0 $t[vedi periodico].$w()278835 850 $aSeMil 852 $aSeMil$W1$xVenegono$y1$m244 5 118$j169799$B169799$CSeMilBibl$Z2$F180872 $85 961 $aAbbonamento: Pontificium Consilium pro Familia 996 $6245$aLa famiglia :$bil lavoro e la festa : Milano, 30 maggio-3 giugno 2012$9(OLS)http://semarc/title/314833 996 $6260$aCittą del Vaticano :$bPontificium Consilium pro Familia$9(OLS)http://semarc/publisher/36806 996 $6260$a[Murcia] :$bUCAM, Universidad Católica San Antonio$9(OLS)http://semarc/publisher/53139 LEADER 01271nam a2200289 i 4500 001 000000124578 003 CaOOAMICUS 005 20040427000000.0 008 040427s1997 it u000 u ita u 013 $a97275 020 $a88-8118-234-3 040 $aSeMil$bita 245 10$aGeorges Rouault /$ca cura di Rudy Chiappini. 260 $aMilano :$bSkira,$ccopyr. 1997. 260 $aLugano :$bMuseo d'Arte Moderna,$ccopyr. 1997. 300 $a265 p. :$briccamente ill. ;$c28 cm. 500 $aCatalogo della Mostra tenuta a Lugano nel Museo d' Arte Moderna, 23 marzo-22 giugno 1997. - In copertina Pierrot,1948. - Fondo Card. C.M. Martini. 650 4$aRouault, Georges <1871-1958> - Esposizioni - 1997.$0(OLS)http://semarc/subject/24050 700 1 $aChiappini, Rudy.$0(OLS)http://semarc/name/51755 850 $aSeMil 852 $aSeMil$W1$xVenegono$y1$m5J VI 82$j79121$B79121$CSeMilBibl$Z2$F82382 $81 941 1 $a4 961 $aOmaggio: Martini Card. Carlo Maria 996 $6020$a88-8118-234-3$9(OLS)http://semarc/number/110350 996 $6245$aGeorges Rouault$9(OLS)http://semarc/title/176228 996 $6260$aLugano :$bMuseo d'Arte Moderna$9(OLS)http://semarc/publisher/46357 996 $6260$aMilano :$bSkira$9(OLS)http://semarc/publisher/32219